000 00310nam a2200121Ia 4500
005 20250409181315.0
008 250409s9999||||xx |||||||||||||| ||und||
100 _aSHARMA, R
245 0 _aNARAIN'S EXPORT MANAGEMENT
260 _bLAXMI NARAIN AGRWAL PUBLICATION,
_aAGRA:
650 _vManagement
942 _cBOOK
999 _c15954
_d15954